Sociální řízení podniku

Enregistré dans:
Détails bibliographiques
Auteur principal: Paducha, Petr
Format: Livre
Langue:tchèque
Publié: Praha Svoboda 1989
Édition:1. vyd.
Tags: Ajouter un tag
Pas de tags, Soyez le premier à ajouter un tag!

MARC

LEADER 00000nam a2200000 4500
001 c036937
005 20260128120505.4
041 0 |a cze 
044 |a CZ 
245 1 0 |a Sociální řízení podniku  |c Petr Paducha 
250 |a 1. vyd. 
264 1 |a Praha  |b Svoboda  |c 1989 
300 |a 206 s. 
100 1 |a Paducha, Petr